[Event "SVK-chT2D 1819"]
[Site "Slovakia"]
[Date "2018.12.16"]
[Round "6.6"]
[White "Antal, Jakub"]
[Black "Durica, Daniel"]
[Result "1-0"]
[WhiteElo "1780"]
[BlackElo "1984"]
[PlyCount "77"]
[EventDate "2018.10.13"]
[EventType "team-tourn"]
[EventRounds "11"]
[EventCountry "SVK"]
[SourceTitle "CBM 189 Extra"]
[Source "ChessBase"]
[SourceDate "2019.06.03"]
[SourceVersion "1"]
[SourceVersionDate "2019.06.03"]
[SourceQuality "1"]
[WhiteTeam "Kosice Slavia TU IV"]
[BlackTeam "Presov Tatran Dason"]
[WhiteTeamCountry "SVK"]
[BlackTeamCountry "SVK"]

1. c4 Nf6 2. Nf3 g6 3. g3 Bg7 4. Bg2 c6 5. 0-0 0-0 6. Nc3 d6 7. d3 h6 8. Qd2 Qa5 9. b3 Qh5 10. Bb2 Bh3 11. Nh4 Bxg2 12. Kxg2 Nbd7 13. e4 e6 14. f4 g5 15. Nf3 Nh7 16. Ne2 c5 17. d4 cxd4 18. Nfxd4 Nc5 19. Nc3 Nf6 20. Rae1 gxf4 21. Rxf4 e5 22. Rf5 exd4 23. Rxh5 dxc3 24. Bxc3 Nxh5 25. Bxg7 Kxg7 26. Qxd6 Ne6 27. Qe5+ Nf6 28. Rf1 Rad8 29. Qxf6+ Kh7 30. Qf5+ Kh8 31. Qh5 Kg7 32. e5 Rd7 33. Qg4+ Kh7 34. Rf6 Rg8 35. Rxh6+ Kxh6 36. Qxg8 Ng7 37. Qc8 Rd2+ 38. Kf1 Rxh2 39. Qh8+ 1-0

[Event "SVK-chT2D 1819"]
[Site "Slovakia"]
[Date "2018.12.15"]
[Round "5.6"]
[White "Gajdos, Jozef"]
[Black "Durica, Daniel"]
[Result "1-0"]
[WhiteElo "2009"]
[BlackElo "1984"]
[PlyCount "51"]
[EventDate "2018.10.13"]
[EventType "team-tourn"]
[EventRounds "11"]
[EventCountry "SVK"]
[SourceTitle "CBM 189 Extra"]
[Source "ChessBase"]
[SourceDate "2019.06.03"]
[SourceVersion "1"]
[SourceVersionDate "2019.06.03"]
[SourceQuality "1"]
[WhiteTeam "Moldava nad Bodvou"]
[BlackTeam "Presov Tatran Dason"]
[WhiteTeamCountry "SVK"]
[BlackTeamCountry "SVK"]

1. d4 Nf6 2. Bg5 Ne4 3. Bh4 c5 4. f3 g5 5. fxe4 gxh4 6. Nc3 cxd4 7. Qxd4 Rg8 8. e5 Nc6 9. Qxh4 Qb6 10. 0-0-0 Nxe5 11. Nd5 Qa5 12. Kb1 Rg4 13. Qh5 d6 14. Nf3 Be6 15. e4 Rxe4 16. Bb5+ Kd8 17. Nc3 Nxf3 18. Qxf3 Rb4 19. Rhe1 Bg7 20. Rxe6 Rxb2+ 21. Kxb2 Qb4+ 22. Kc1 Bxc3 23. Rdxd6+ exd6 24. Re8+ Kc7 25. Re7+ Kb6 26. Qxb7+ 1-0

[Event "SVK-chT2D 1819"]
[Site "Slovakia"]
[Date "2018.11.17"]
[Round "3.5"]
[White "Janov, Marian"]
[Black "Durica, Daniel"]
[Result "1/2-1/2"]
[WhiteElo "1909"]
[BlackElo "2019"]
[PlyCount "94"]
[EventDate "2018.10.13"]
[EventType "team-tourn"]
[EventRounds "11"]
[EventCountry "SVK"]
[SourceTitle "CBM 187 Extra"]
[Source "ChessBase"]
[SourceDate "2018.11.04"]
[SourceVersion "1"]
[SourceVersionDate "2018.11.04"]
[SourceQuality "1"]
[WhiteTeam "Poprad LS VD"]
[BlackTeam "Presov Tatran Dason"]
[WhiteTeamCountry "SVK"]
[BlackTeamCountry "SVK"]

1. e4 g6 2. d4 Bg7 3. Nf3 d6 4. Nc3 Nf6 5. Bc4 c6 6. a4 0-0 7. 0-0 Nxe4 8. Nxe4 d5 9. Qe2 dxc4 10. Qxc4 Bg4 11. Ne5 Be6 12. Qd3 f6 13. Nf3 Nd7 14. Be3 Kh8 15. Rad1 Qa5 16. b3 Rad8 17. Qc3 Qd5 18. Ned2 Qh5 19. Qb4 f5 20. Qxe7 Rde8 21. Qg5 Qxg5 22. Bxg5 f4 23. g3 Bg4 24. Rde1 Rxe1 25. Rxe1 fxg3 26. Kg2 gxf2 27. Rf1 h6 28. Bh4 Kh7 29. Rxf2 Bf5 30. b4 Bxc2 31. Re2 Rf7 32. Bg3 c5 33. Bf2 Nf6 34. Re5 cxd4 35. Bxd4 Nh5 36. Re8 Nf4+ 37. Kg3 Nh5+ 38. Kg2 Nf4+ 39. Kg3 Nh5+ 40. Kg2 Bxd4 41. Nxd4 Bd1 42. Ne6 Bg4 43. Nd4 Bd7 44. Re5 Nf4+ 45. Kg3 g5 46. Ne4 Nh5+ 47. Kg2 Nf4+ 1/2-1/2

[Event "SVK-chT2D 1718"]
[Site "Slovakia"]
[Date "2018.01.14"]
[Round "6.5"]
[White "Durica, Daniel"]
[Black "Paluch, Ladislav"]
[Result "1-0"]
[WhiteElo "1996"]
[BlackElo "1984"]
[PlyCount "35"]
[EventDate "2017.10.28"]
[EventType "team-tourn"]
[EventRounds "11"]
[EventCountry "SVK"]
[SourceTitle "EXT 2019"]
[Source "ChessBase"]
[SourceDate "2018.10.10"]
[SourceVersion "1"]
[SourceVersionDate "2018.10.10"]
[SourceQuality "1"]
[WhiteTeam "Presov Tatran II"]
[BlackTeam "Velke Kapusany"]
[WhiteTeamCountry "SVK"]
[BlackTeamCountry "SVK"]

1. d4 Nf6 2. c4 e6 3. Nf3 d5 4. cxd5 exd5 5. Nc3 c6 6. Bg5 Be7 7. Qc2 Na6 8. a3 0-0 9. e3 Nc7 10. Bd3 h6 11. h4 Ne6 12. Bxf6 Bxf6 13. g4 Be7 14. 0-0-0 b5 15. g5 h5 16. Ne5 Qe8 17. g6 f6 18. Qe2 1-0

[Event "SVK-chT2D 1617"]
[Site "Slovakia"]
[Date "2016.12.03"]
[Round "5.7"]
[White "Verbovsky, Michal"]
[Black "Durica, Daniel"]
[Result "0-1"]
[WhiteElo "1711"]
[BlackElo "2007"]
[PlyCount "28"]
[EventDate "2016.10.08"]
[EventType "team-tourn"]
[EventRounds "11"]
[EventCountry "SVK"]
[SourceTitle "EXT 2018"]
[Source "ChessBase"]
[SourceDate "2017.10.13"]
[SourceVersion "1"]
[SourceVersionDate "2017.10.13"]
[SourceQuality "1"]
[WhiteTeam "Sabinov II"]
[BlackTeam "Presov Tatran"]
[WhiteTeamCountry "SVK"]
[BlackTeamCountry "SVK"]

1. e4 Nf6 2. e5 Nd5 3. d4 d6 4. c4 Nb6 5. f4 dxe5 6. fxe5 c5 7. d5 e6 8. d6 Qh4+ 9. g3 Qe4+ 10. Qe2 Qxh1 11. Nf3 Bd7 12. Kf2 Nc6 13. Be3 Nxe5 14. Bg2 Ng4# 0-1

[Event "SVK-chT2D 1516"]
[Site "Slovakia"]
[Date "2016.02.13"]
[Round "8.7"]
[White "Durica, Daniel"]
[Black "Olsavsky, Peter"]
[Result "1-0"]
[WhiteElo "2018"]
[BlackElo "1691"]
[PlyCount "67"]
[EventDate "2015.10.17"]
[EventType "team-tourn"]
[EventRounds "11"]
[EventCountry "SVK"]
[SourceTitle "EXT 2017"]
[Source "ChessBase"]
[SourceDate "2016.10.25"]
[SourceVersion "1"]
[SourceVersionDate "2016.10.25"]
[SourceQuality "1"]
[WhiteTeam "Presov Tatran Dason"]
[BlackTeam "Stara Lubovna SO II"]
[WhiteTeamCountry "SVK"]
[BlackTeamCountry "SVK"]

1. d4 e6 2. e4 d5 3. c4 dxe4 4. Nc3 Nf6 5. f3 exf3 6. Nxf3 c6 7. Bd3 Nbd7 8. 0-0 Be7 9. Qe1 Qc7 10. Bg5 Nf8 11. Kh1 Ng6 12. h4 h6 13. Bxf6 gxf6 14. h5 Nf8 15. c5 Nh7 16. b4 a6 17. Na4 Ng5 18. Nb6 Rb8 19. a4 Qf4 20. Ne5 Qxd4 21. Ng6 fxg6 22. Bxg6+ Kf8 23. Rd1 Qg4 24. Qe5 Kg7 25. Qxb8 e5 26. Rd3 Qxb4 27. Qc7 Qxc5 28. Nxc8 Rxc8 29. Qxc8 Qc4 30. Qc7 Kf8 31. Rfd1 Qh4+ 32. Rh3 Nxh3 33. Rd8+ Bxd8 34. Qf7# 1-0

[Event "SVK-chT2D 1516"]
[Site "Slovakia"]
[Date "2015.12.06"]
[Round "6.6"]
[White "Dujava, Daniel"]
[Black "Durica, Daniel"]
[Result "1/2-1/2"]
[WhiteElo "1863"]
[BlackElo "2013"]
[PlyCount "44"]
[EventDate "2015.10.17"]
[EventType "team-tourn"]
[EventRounds "11"]
[EventCountry "SVK"]
[SourceTitle "CBM 170 Extra"]
[Source "ChessBase"]
[SourceDate "2016.02.25"]
[SourceVersion "1"]
[SourceVersionDate "2016.02.25"]
[SourceQuality "1"]
[WhiteTeam "Sabinov II"]
[BlackTeam "Presov Tatran Dason"]
[WhiteTeamCountry "SVK"]
[BlackTeamCountry "SVK"]

1. e4 g6 2. d4 Bg7 3. Nf3 d6 4. Bc4 Nf6 5. Nc3 0-0 6. 0-0 Nxe4 7. Nxe4 d5 8. Bd3 dxe4 9. Bxe4 Nd7 10. c3 c5 11. Be3 cxd4 12. Nxd4 Nf6 13. Bf3 Nd5 14. Bd2 e5 15. Nb5 Nc7 16. Nxc7 Qxc7 17. Bg5 Be6 18. Qd2 f6 19. Bd5 Qf7 20. Bxe6 Qxe6 21. Be3 Rfd8 22. Qc2 f5 1/2-1/2

[Event "SVK-chT2D 14/15"]
[Site "Slovakia"]
[Date "2015.03.08"]
[Round "11.3"]
[White "Balazs, Attila2222"]
[Black "Durica, Daniel"]
[Result "1-0"]
[WhiteElo "2029"]
[BlackElo "2023"]
[PlyCount "59"]
[EventDate "2014.10.11"]
[EventType "team-tourn"]
[EventRounds "11"]
[EventCountry "SVK"]
[SourceTitle "EXT 2019"]
[Source "ChessBase"]
[SourceDate "2018.10.10"]
[SourceVersion "1"]
[SourceVersionDate "2018.10.10"]
[SourceQuality "1"]
[WhiteTeam "Moldava nad Bodvou"]
[BlackTeam "Presov Tatran Dason"]
[WhiteTeamCountry "SVK"]
[BlackTeamCountry "SVK"]

1. e4 d5 2. exd5 e6 3. Bb5+ c6 4. dxc6 bxc6 5. Be2 Nf6 6. d4 Qc7 7. Nf3 Nbd7 8. a3 Bb7 9. Nc3 0-0-0 10. Be3 h6 11. Qd3 g5 12. 0-0-0 Qa5 13. Qc4 Nb6 14. Qa2 Nfd7 15. Bd3 g4 16. Nd2 Nd5 17. Nxd5 cxd5 18. Bf4 Nb6 19. Be5 Be7 20. Nb3 Qa4 21. Be2 Rhg8 22. Nc5 Qc6 23. Qb3 Nc4 24. Nxb7 Qxb7 25. Bxc4 dxc4 26. Qxc4+ Kd7 27. Qa4+ Kc8 28. Rd3 Qxg2 29. Rc3+ Kb7 30. Rc7+ 1-0

[Event "SVK-chT2D 14/15"]
[Site "Slovakia"]
[Date "2015.02.01"]
[Round "7.3"]
[White "Durica, Daniel"]
[Black "Istona, Martin"]
[Result "1-0"]
[WhiteElo "2023"]
[BlackElo "2100"]
[PlyCount "61"]
[EventDate "2014.10.11"]
[EventType "team-tourn"]
[EventRounds "11"]
[EventCountry "SVK"]
[SourceTitle "EXT 2019"]
[Source "ChessBase"]
[SourceDate "2018.10.10"]
[SourceVersion "1"]
[SourceVersionDate "2018.10.10"]
[SourceQuality "1"]
[WhiteTeam "Presov Tatran Dason"]
[BlackTeam "Sabinov II"]
[WhiteTeamCountry "SVK"]
[BlackTeamCountry "SVK"]

1. d4 g6 2. c4 Bg7 3. Nc3 c5 4. d5 Bxc3+ 5. bxc3 f5 6. e4 fxe4 7. f3 Nf6 8. Bh6 d6 9. Qc2 Qa5 10. Rb1 Rg8 11. Rb5 Qa6 12. fxe4 Bd7 13. Rb2 Ba4 14. Qb1 Nbd7 15. Nf3 0-0-0 16. Be2 Ne5 17. Nxe5 dxe5 18. 0-0 Bd7 19. Be3 b6 20. d6 Ng4 21. Bxc5 exd6 22. Bxd6 Be6 23. c5 Qa5 24. Rc1 Rxd6 25. Rb5 Qa3 26. cxd6 Ne3 27. c4 Qxd6 28. c5 bxc5 29. Rbxc5+ Kd8 30. Rc6 Qd2 31. Rxe6 1-0

[Event "SVK-chT2D 14/15"]
[Site "Slovakia"]
[Date "2014.11.08"]
[Round "3.6"]
[White "Durica, Daniel"]
[Black "Stromp, Julius"]
[Result "1-0"]
[WhiteElo "2023"]
[BlackElo "2056"]
[PlyCount "62"]
[EventDate "2014.10.11"]
[EventType "team-tourn"]
[EventRounds "11"]
[EventCountry "SVK"]
[SourceTitle "EXT 2019"]
[Source "ChessBase"]
[SourceDate "2018.10.10"]
[SourceVersion "1"]
[SourceVersionDate "2018.10.10"]
[SourceQuality "1"]
[WhiteTeam "Presov Tatran Dason"]
[BlackTeam "Spisska Nova Ves"]
[WhiteTeamCountry "SVK"]
[BlackTeamCountry "SVK"]

1. d4 Nf6 2. c4 g6 3. Nc3 Bg7 4. e4 d6 5. f3 Nbd7 6. Nh3 0-0 7. Be3 c6 8. Qd2 Re8 9. Be2 Qc7 10. 0-0 e5 11. d5 c5 12. a3 a6 13. b4 b6 14. Nf2 Nh5 15. Nd3 f5 16. exf5 gxf5 17. g4 e4 18. fxe4 fxe4 19. Nf2 Bxc3 20. Qxc3 Ng7 21. Bh6 Nf8 22. bxc5 bxc5 23. Qf6 Ra7 24. Nxe4 Ng6 25. Bd3 Bxg4 26. Qg5 Bh3 27. Nf6+ Kh8 28. Bxg6 Re5 29. Qh4 Bxf1 30. Rxf1 Qe7 31. Nxh7 Ra8 1-0

[Event "SVK-chT2D 1314"]
[Site "Slovakia"]
[Date "2014.03.15"]
[Round "10.6"]
[White "Budzak, Marcel"]
[Black "Durica, Daniel"]
[Result "1/2-1/2"]
[WhiteElo "1477"]
[BlackElo "2003"]
[PlyCount "76"]
[EventDate "2013.10.19"]
[EventType "team-tourn"]
[EventRounds "11"]
[EventCountry "SVK"]
[SourceTitle "EXT 2015"]
[Source "ChessBase"]
[SourceDate "2014.11.20"]
[SourceVersion "1"]
[SourceVersionDate "2014.11.20"]
[SourceQuality "1"]
[WhiteTeam "Kezmarok II"]
[BlackTeam "Presov Tatran Dason"]
[WhiteTeamCountry "SVK"]
[BlackTeamCountry "SVK"]

1. e4 d5 2. exd5 e6 3. d4 Nf6 4. Bg5 Qxd5 5. Bxf6 gxf6 6. Nf3 Rg8 7. Nbd2 Qa5 8. c3 Nc6 9. Qc2 Bd7 10. g3 0-0-0 11. Bg2 Qh5 12. 0-0-0 Qa5 13. Kb1 e5 14. Nc4 Qa6 15. Bf1 b5 16. Ne3 exd4 17. Nxd4 Nxd4 18. cxd4 Bh6 19. f4 Rge8 20. Rc1 Qc6 21. Qxc6 Bxc6 22. Rxc6 Rxe3 23. Bxb5 Rxd4 24. Rxf6 Bf8 25. Rxf7 Bd6 26. Ba6+ Kd8 27. Rxh7 Rd2 28. Kc1 Rd5 29. Rd1 Ra5 30. Bc4 Rc5 31. b3 Kc8 32. Kd2 Re8 33. Ba6+ Kb8 34. Bc4 Ra5 35. a4 Rc5 36. h4 Rc6 37. Rh5 Bb4+ 38. Kd3 a5 1/2-1/2

[Event "SVK-chT2D 1314"]
[Site "Slovakia"]
[Date "2014.02.01"]
[Round "7.5"]
[White "Jusko, Peter"]
[Black "Durica, Daniel"]
[Result "1/2-1/2"]
[WhiteElo "1890"]
[BlackElo "2003"]
[PlyCount "89"]
[EventDate "2013.10.19"]
[EventType "team-tourn"]
[EventRounds "11"]
[EventCountry "SVK"]
[SourceTitle "EXT 2015"]
[Source "ChessBase"]
[SourceDate "2014.11.20"]
[SourceVersion "1"]
[SourceVersionDate "2014.11.20"]
[SourceQuality "1"]
[WhiteTeam "Sabinov II"]
[BlackTeam "Presov Tatran Dason"]
[WhiteTeamCountry "SVK"]
[BlackTeamCountry "SVK"]

1. d4 e5 2. dxe5 d6 3. Nf3 Nc6 4. g3 Bg4 5. Bg2 Qd7 6. 0-0 0-0-0 7. Bg5 Re8 8. Re1 h6 9. Bd2 dxe5 10. Bc3 Bd6 11. Na3 Bxa3 12. Qxd7+ Bxd7 13. bxa3 f6 14. Nd2 Nge7 15. Ne4 Bf5 16. Rec1 Nd5 17. Be1 Nd4 18. Kf1 Nb6 19. e3 Ne6 20. c4 Na4 21. Bb4 Ng5 22. Nc5 Nxc5 23. Bxc5 Be4 24. a4 Bxg2+ 25. Kxg2 Ne6 26. Bb4 Rd8 27. a5 c5 28. Be1 Rd3 29. Rab1 Rhd8 30. Kf1 h5 31. Ke2 g5 32. Rb3 R3d7 33. Rcb1 g4 34. a6 b6 35. a4 Kc7 36. a5 Rd6 37. axb6+ axb6 38. R3b2 Ra8 39. Ra2 Ng5 40. Kf1 Nf3 41. Kg2 Ra7 42. Bc3 Rd3 43. Rc1 Ng5 44. Kf1 Nf3 45. Kg2 1/2-1/2

[Event "SVK-chT2D 1112"]
[Site "Slovakia"]
[Date "2012.02.25"]
[Round "10.4"]
[White "Durica, Daniel"]
[Black "Kostelnik, Peter"]
[Result "0-1"]
[WhiteElo "2049"]
[BlackElo "2014"]
[PlyCount "48"]
[EventDate "2011.10.08"]
[EventType "team-tourn"]
[EventRounds "11"]
[EventCountry "SVK"]
[SourceTitle "EXT 2013"]
[Source "ChessBase"]
[SourceDate "2012.11.22"]
[SourceVersion "1"]
[SourceVersionDate "2012.11.22"]
[SourceQuality "1"]
[WhiteTeam "Presov Tatran Dason"]
[BlackTeam "Kosice Slavia TU IV"]
[WhiteTeamCountry "SVK"]
[BlackTeamCountry "SVK"]

1. d4 d5 2. e4 e6 3. c4 dxe4 4. Nc3 c5 5. d5 exd5 6. cxd5 Nf6 7. f3 e3 8. Bxe3 Bd6 9. Bd3 0-0 10. Nge2 a6 11. 0-0 Qc7 12. Kh1 c4 13. Bc2 b5 14. Bg5 Nbd7 15. Qe1 h6 16. f4 b4 17. Qh4 bxc3 18. Bxh6 Re8 19. Qg5 Bf8 20. Rf3 Rxe2 21. Rg3 Ne8 22. Rxc3 Qb6 23. Rh3 Rxc2 24. Re1 Qg6 0-1

[Event "SVK-chT1E 1011"]
[Site "Slovakia"]
[Date "2010.12.11"]
[Round "3.6"]
[White "Gajdosik, Andrej"]
[Black "Durica, Daniel"]
[Result "1-0"]
[WhiteElo "2032"]
[BlackElo "2088"]
[PlyCount "75"]
[EventDate "2010.11.06"]
[EventType "team-tourn"]
[EventRounds "11"]
[EventCountry "SVK"]
[SourceTitle "EXT 2012"]
[Source "ChessBase"]
[SourceDate "2011.11.24"]
[SourceVersion "1"]
[SourceVersionDate "2011.11.24"]
[SourceQuality "1"]
[WhiteTeam "Zilina"]
[BlackTeam "Presov"]
[WhiteTeamCountry "SVK"]
[BlackTeamCountry "SVK"]

1. d4 e5 2. d5 c6 3. c4 Nf6 4. Nc3 b5 5. cxb5 cxb5 6. Nxb5 Ba6 7. Nc3 Qa5 8. Bd2 Nxd5 9. Qb3 Nb4 10. e4 Bxf1 11. Kxf1 N8c6 12. Nf3 Bc5 13. Nd5 0-0 14. Qc4 Rac8 15. a3 Qa6 16. Qxa6 Nxa6 17. b4 Bd4 18. Nxd4 Nxd4 19. Ne7+ Kh8 20. Nxc8 Rxc8 21. Rc1 Rc2 22. Be3 Rxc1+ 23. Bxc1 Nc7 24. f3 d5 25. exd5 Nxd5 26. Kf2 h6 27. Bb2 Nb5 28. Rd1 Nb6 29. Rd8+ Kh7 30. Bxe5 Nxa3 31. Bd4 Nc2 32. Bxb6 axb6 33. b5 Na3 34. Rd5 Kg6 35. Rd6+ Kf5 36. Rxb6 Ke5 37. Rb7 g6 38. Rc7 1-0

[Event "SVK-chT2D 0910"]
[Site "Slovakia"]
[Date "2010.02.27"]
[Round "10.3"]
[White "Hennel, Karol"]
[Black "Durica, Daniel"]
[Result "1-0"]
[WhiteElo "2067"]
[BlackElo "2060"]
[PlyCount "53"]
[EventDate "2009.10.10"]
[EventType "team"]
[EventRounds "11"]
[EventCountry "SVK"]
[SourceTitle "EXT 2011"]
[Source "ChessBase"]
[SourceDate "2010.11.26"]
[SourceVersion "1"]
[SourceVersionDate "2010.11.26"]
[SourceQuality "1"]
[WhiteTeam "Kezmarok II"]
[BlackTeam "Presov PSK"]
[WhiteTeamCountry "SVK"]
[BlackTeamCountry "SVK"]

1. e4 d5 2. exd5 e6 3. Bb5+ c6 4. dxc6 bxc6 5. Ba4 Qd4 6. Nc3 Bb4 7. Qf3 Ne7 8. Nge2 Qh4 9. 0-0 Bd6 10. g3 Qb4 11. a3 Qb6 12. Ne4 Bc7 13. d4 0-0 14. c3 Nd7 15. Bc2 e5 16. Ng5 h6 17. Qd3 g6 18. Nf3 h5 19. dxe5 Nf5 20. Ned4 Ba6 21. Qd2 Nxd4 22. cxd4 Qb5 23. Re1 Qd5 24. Be4 Qe6 25. Qh6 Bd8 26. Bg5 f5 27. exf6 1-0

[Event "Piestany Pressburg op"]
[Site "Piestany"]
[Date "2009.11.22"]
[Round "7"]
[White "Durica, Daniel"]
[Black "Valenta, Vit"]
[Result "1/2-1/2"]
[WhiteElo "2060"]
[BlackElo "2196"]
[PlyCount "56"]
[EventDate "2009.11.17"]
[EventType "swiss"]
[EventRounds "7"]
[EventCountry "SVK"]
[SourceTitle "CBM 133 Extra"]
[Source "ChessBase"]
[SourceDate "2010.01.05"]
[SourceVersion "1"]
[SourceVersionDate "2010.01.05"]
[SourceQuality "1"]

1. d4 Nf6 2. Nf3 d6 3. Bg5 Nbd7 4. Nbd2 g6 5. e3 Bg7 6. Bc4 0-0 7. Qe2 c5 8. c3 Qc7 9. 0-0 e5 10. dxe5 dxe5 11. e4 Nb6 12. Bb3 h6 13. Be3 Ng4 14. h3 Nxe3 15. fxe3 Bd7 16. Nh4 Qc6 17. a4 a5 18. g4 Rac8 19. Rad1 Be6 20. Bxe6 Qxe6 21. Qb5 Rc6 22. Nb3 h5 23. Nxa5 Rc7 24. gxh5 Bh6 25. Rf3 Kg7 26. hxg6 fxg6 27. Rxf8 Kxf8 28. Rf1+ Kg7 1/2-1/2

[Event "Piestany Pressburg op"]
[Site "Piestany"]
[Date "2009.11.18"]
[Round "2"]
[White "Kleman, Miroslav"]
[Black "Durica, Daniel"]
[Result "1-0"]
[WhiteElo "2238"]
[BlackElo "2060"]
[PlyCount "51"]
[EventDate "2009.11.17"]
[EventType "swiss"]
[EventRounds "7"]
[EventCountry "SVK"]
[SourceTitle "CBM 133 Extra"]
[Source "ChessBase"]
[SourceDate "2010.01.05"]
[SourceVersion "1"]
[SourceVersionDate "2010.01.05"]
[SourceQuality "1"]

1. c4 Nf6 2. Nc3 g6 3. g3 Bg7 4. Bg2 d6 5. e4 0-0 6. Nge2 c6 7. 0-0 Nbd7 8. h3 Rb8 9. d3 b5 10. cxb5 cxb5 11. Nd4 Ne5 12. Ndxb5 Qa5 13. d4 Ned7 14. Na3 Ba6 15. Re1 Rfc8 16. Rb1 Nb6 17. Bd2 Nc4 18. Nxc4 Rxc4 19. Nd5 Qxa2 20. Bc3 Nxd5 21. exd5 Ra4 22. b3 Ra3 23. Rb2 Qxb2 24. Bxb2 Raxb3 25. Bc1 R8b4 26. Bd2 1-0

[Event "SVK-chT2D 0809"]
[Site "Slovakia"]
[Date "2009.02.01"]
[Round "9.3"]
[White "Durica, Daniel"]
[Black "Regec, Viliam1111"]
[Result "1-0"]
[WhiteElo "2105"]
[BlackElo "2047"]
[PlyCount "73"]
[EventDate "2008.10.11"]
[EventType "team-tourn"]
[EventRounds "11"]
[EventCountry "SVK"]
[SourceTitle "EXT 2010"]
[Source "ChessBase"]
[SourceDate "2010.11.25"]
[SourceVersion "1"]
[SourceVersionDate "2010.11.25"]
[SourceQuality "1"]
[WhiteTeam "Presov Prvy Sk"]
[BlackTeam "Gelnica Slovan"]
[WhiteTeamCountry "SVK"]
[BlackTeamCountry "SVK"]

1. d4 d5 2. e4 dxe4 3. Nc3 Nf6 4. f3 exf3 5. Nxf3 e6 6. Bg5 Be7 7. Bd3 c6 8. 0-0 Nbd7 9. Kh1 Nf8 10. Ne5 Qxd4 11. Nxf7 Rg8 12. Rf4 Qc5 13. Ne4 Nxe4 14. Bxe4 Bd7 15. Bxe7 Kxe7 16. b4 Qxb4 17. Rb1 Qc5 18. Rxb7 g5 19. Rf1 Rg7 20. Qf3 Qd4 21. c3 g4 22. Qg3 Qc5 23. Qh4+ Ke8 24. Qf6 Rg8 25. Ne5 Qe7 26. Qxe7+ Kxe7 27. Rd1 Rd8 28. Nxc6+ Ke8 29. Nxd8 Kxd8 30. Bc6 Rg7 31. Rxa7 Rf7 32. Kg1 Ke8 33. Bxd7+ Nxd7 34. Raxd7 Rxd7 35. Rxd7 Kxd7 36. Kf2 Kd6 37. Kg3 1-0

[Event "SVK-chT2D 0809"]
[Site "Slovakia"]
[Date "2008.11.08"]
[Round "3.3"]
[White "Durica, Daniel"]
[Black "Andras, Tomas"]
[Result "0-1"]
[WhiteElo "2105"]
[BlackElo "1923"]
[PlyCount "84"]
[EventDate "2008.10.11"]
[EventType "team-tourn"]
[EventRounds "11"]
[EventCountry "SVK"]
[SourceTitle "EXT 2010"]
[Source "ChessBase"]
[SourceDate "2010.11.25"]
[SourceVersion "1"]
[SourceVersionDate "2010.11.25"]
[SourceQuality "1"]
[WhiteTeam "Presov Prvy Sk"]
[BlackTeam "Kezmarok KdV II"]
[WhiteTeamCountry "SVK"]
[BlackTeamCountry "SVK"]

1. d4 Nf6 2. Nf3 d5 3. Bg5 e6 4. e3 Be7 5. Nbd2 0-0 6. Bd3 Nbd7 7. c3 b6 8. Ne5 Nxe5 9. dxe5 Nd7 10. Bxe7 Qxe7 11. f4 Qh4+ 12. g3 Qh3 13. Bf1 Qh6 14. h4 f6 15. exf6 Qxf6 16. Bg2 Bb7 17. Qg4 Rae8 18. 0-0-0 c5 19. e4 Qf7 20. e5 c4 21. Nxc4 dxc4 22. Bxb7 Nc5 23. Bc6 Rc8 24. Bb5 Nd3+ 25. Rxd3 cxd3 26. Bxd3 b5 27. Bxb5 Qb7 28. Qxe6+ Kh8 29. Rd1 Qxb5 30. h5 Rcd8 31. Qb3 Qe2 32. c4 Rxd1+ 33. Qxd1 Qxc4+ 34. Kb1 Qe6 35. Qg1 Qf5+ 36. Ka1 Qxh5 37. g4 Qh6 38. f5 Qf4 39. e6 Rc8 40. Kb1 Qe4+ 41. Ka1 Qxg4 42. Qf1 Rd8 0-1

[Event "SVK-chT2D 0708"]
[Site "Slovakia"]
[Date "2008.03.08"]
[Round "10.4"]
[White "Durica, Daniel"]
[Black "Koval, Anton"]
[Result "1-0"]
[WhiteElo "2049"]
[BlackElo "2212"]
[PlyCount "43"]
[EventDate "2007.10.06"]
[EventType "team-tourn"]
[EventRounds "11"]
[EventCountry "SVK"]
[SourceTitle "EXT 2010"]
[Source "ChessBase"]
[SourceDate "2010.11.25"]
[SourceVersion "1"]
[SourceVersionDate "2010.11.25"]
[SourceQuality "1"]
[WhiteTeam "Presov Prvy Sk"]
[BlackTeam "Bardejov BSK"]
[WhiteTeamCountry "SVK"]
[BlackTeamCountry "SVK"]

1. d4 d5 2. Nf3 Nf6 3. Bg5 e6 4. Nbd2 Be7 5. e3 b6 6. Ne5 Bb7 7. Bb5+ c6 8. Bd3 h6 9. Bh4 Nbd7 10. f4 Qc7 11. 0-0 0-0 12. Rf3 c5 13. c3 Rfd8 14. Rh3 Nf8 15. Bxf6 Bxf6 16. Qg4 Kh8 17. Qh5 Bxe5 18. fxe5 Nh7 19. Rf1 Rf8 20. Bxh7 Kxh7 21. Rf6 Kh8 22. Rxh6+ 1-0